Bosnien-Herzegowina-Quiz - Sudden Death - Statistiken

Allgemein
  • Dieses Quiz wurde 189 mal gespielt
  • Das Durchschnittsergebnis liegt bei 4 aus 10
Answers on the Grid
Answers color-coded by a green-red scale on the quiz's grid according to % correct below.
Dies ist die Flagge von Bosnien-Herzegowina: 🇧🇦
Die bosnische Hauptstadt ist Sarajevo
Bosnien ist nicht in der Europäischen Union
Bosnien hat bereits den ESC gewonnen
Bosnien ist ein Binnenstaat
In Bosnien-Herzegowina leben mehr Frauen als Männer
Das bosnische KFZ-Kennzeichen lautet "BIH"
In Bosnien-Herzegowina gibt es aktuell kein Pfandsystem
Bosnien-Herzegowina grenzt an ein Land mit dieser Flagge: 🇲🇪
Die Währung in Bosnien-Herzegowina ist der Dinar
Bosnien-Herzegowina hat mindestens eine Stadt mit 1 Million Einwohnern
Flächenmäßig ist Bosnien größer als Kroatien
Bosnien hat weniger Einwohner als Georgien
Das BIP pro Kopf in Bosnien-Herzegowina ist höher als das in Albanien
+387 ist die Vorwahl von Bosnien
Bosnien-Herzegowina ist Mitglied der NATO
Die Olympischen Sommerspiele wurden bereits in der bosnischen Hauptstadt ausgetragen
Bosnien gehörte zur Sowjetunion
Bosnien war Teil von Jugoslawien
Das Dinarische Gebirge liegt vollständig in Bosnien-Herzegowina
 
Antwortstatistiken
Antwort % Korrekt
Bosnien war Teil von Jugoslawien
59%
Die bosnische Hauptstadt ist Sarajevo
59%
Das bosnische KFZ-Kennzeichen lautet "BIH"
49%
Bosnien ist nicht in der Europäischen Union
48%
Bosnien-Herzegowina grenzt an ein Land mit dieser Flagge: 🇲🇪
46%
Dies ist die Flagge von Bosnien-Herzegowina: 🇧🇦
43%
In Bosnien-Herzegowina gibt es aktuell kein Pfandsystem
42%
+387 ist die Vorwahl von Bosnien
38%
Das BIP pro Kopf in Bosnien-Herzegowina ist höher als das in Albanien
28%
Bosnien hat weniger Einwohner als Georgien
25%
Keine übereinstimmenden Quizze gefunden
Verteilung der Resultate
Anzahl Personen mit jedem Resultat
Perzentil nach korrekt beantworteten Fragen
Ihre Resultats-Entwicklung
Sie haben dieses Quiz noch nicht gespielt